Normal view
MARC view
- التااريخ الاسلامي - التاريخ الامريكي - الاكتشافات الجغرافية
Entry Topical Term
001 - CONTROL NUMBER
- control field: 60327
003 - CONTROL NUMBER IDENTIFIER
- control field: JO-AjAnu
005 - DATE AND TIME OF LATEST TRANSACTION
- control field: 20230606083848.0
008 - FIXED-LENGTH DATA ELEMENTS
- fixed length control field: 230606|| aca||aabn | a|a d
040 ## - CATALOGING SOURCE
- Original cataloging agency: JO-AjAnu
- Transcribing agency: JO-AjAnu
150 ## - HEADING--TOPICAL TERM
- Topical term or geographic name entry element: التااريخ الاسلامي - التاريخ الامريكي - الاكتشافات الجغرافية
670 ## - SOURCE DATA FOUND
- Source citation: Work cat.: (JO-AjAnu)30764: مقبل، فهمي توفيق, author 60326, دور العرب والمسلمين في اكتشاف العالم الجديد